| 000 -ლიდერი |
| ფიქსირებული სიგრძის საკონტროლო ველი |
01241nam a2200277Ia 4500 |
| 001 - საკონტროლო ნომერი |
| საკონტროლო ველი |
7180 |
| 003 - საკონტროლო ნომრის იდენტიფიკატორი |
| საკონტროლო ველი |
GE_BSU |
| 005 - ბოლო ოპერაციის თარიღი და დრო |
| საკონტროლო ველი |
20230904120155.0 |
| 008 - ფიქსირებული სიგრძის მონაცემთა ელემენტები - ზოგადი ინფორმაცია |
| ფიქსირებული სიგრძის საკონტროლო ველი |
181216s2013||||ge |||||||||||||| ||geo|| |
| 020 ## - წიგნის საერთაშორისო სტანდარტული ნომერი |
| International Standard Book Number |
9789941195082 |
| 040 ## - კატალოგიზაციის წყარო |
| Transcribing agency |
GE_BSU |
| 041 ## - ენის კოდი |
| Language code of text/sound track or separate title |
geo |
| 080 ## - უნივერსალური ათობითი კლასიფიკაციის ინდექსი |
| Universal Decimal Classification number |
821.111.31 უ-13 |
| 100 ## - მთავარი ჩანაწერი - პიროვნების სახელი |
| Personal name |
უაილდი, ოსკარ |
| 9 (RLIN) |
19761 |
| 245 ## - ცნობა სათაურის შესახებ |
| Title |
დორიან გრეის პორტრეტი : |
| Remainder of title |
რომანი / |
| Statement of responsibility, etc |
ოსკარ უაილდი ; თამარ მაღრაძის თარგმანი ; რედ. ელენე სალარიძე. |
| 260 ## - გამოქვეყნების, გავრცელების, და სხვა. ცნობები |
| Place of publication, distribution, etc |
. |
| 264 ## - წარმოების, გამოცემის, დისტრიბუციის და სხვა ცნობები |
| გამოცემის, წარმოების, დისტრიბუციის... ადგილი |
თბილისი : |
| გამოცემის, წარმოების, დისტრიბუციის... სახელწოდება |
პალიტრა L, |
| გამოცემის, წარმოების, დისტრიბუციის... თარიღი |
2013. |
| 300 ## - ფიზიკური აღწერა |
| Extent |
285 გვ. ; |
| Dimensions |
22 სმ. |
| 490 ## - სერიის ცნობა |
| Series statement |
50 წიგნი, რომელიც უნდა წაიკითხო სანამ ცოცხალი ხარ |
| Volume number/sequential designation |
წ 8 |
| International Standard Serial Number |
ISSN1987-9628 |
| 653 ## - INDEX TERM--UNCONTROLLED |
| Uncontrolled term |
რომანი |
| 653 ## - INDEX TERM--UNCONTROLLED |
| Uncontrolled term |
დორიან გრეის პორტრეტი |
| 700 ## - ADDED ENTRY--PERSONAL NAME |
| Personal name |
მაღრაძე, თამარ |
| Relator term |
მთარგმნელი |
| 9 (RLIN) |
5525 |
| 700 ## - ADDED ENTRY--PERSONAL NAME |
| Personal name |
სალარიძე, ელენე |
| Relator term |
რედაქტორი |
| 9 (RLIN) |
5199 |
| 942 ## - ADDED ENTRY ELEMENTS (KOHA) |
| Koha item type |
წიგნი |
| Source of classification or shelving scheme |
|